000 00646nam a2200193Ia 4500
008 240729s9999 xx 000 0 und d
022 _a2164-2583
245 0 _aSystems Science & Control Engineering
260 _aUnited Kingdom
260 _bTaylor & Francis Group
650 _a Control engineering systems. Automatic machinery (General) | Technology
650 _a Engineering (General). Civil engineering (General)
650 _a Mechanical engineering and machinery
650 _a Systems engineering
650 _aTechnology
856 _uhttps://doaj.org/toc/2d0ac517a0cb4e55a94d515b1189961a
942 _2ddc
942 _cDOAJEJ
999 _c69158
_d69158
945 _a1
_bMadushi Gamage
_c1
_dMadushi Gamage